Central Library, Doon University
WEBOPAC (ONLINE PUBLIC ACCESS CATALOGUE)

Fundamentals of Risk Management (Record no. 60633)

MARC details
000 -LEADER
fixed length control field 00580nam a22001937a 4500
005 - DATE & TIME
control field 20260604110651.0
008 - FIXED-LENGTH DATA ELEMENTS--GENERAL INFORMATION
fixed length control field 260416b |||||||| |||| 00| 0 eng d
020 ## - ISBN
International Standard Book Number 9781398618657
Price 5996.30
040 ## - CATALOGING SOURCE
Original cataloging agency Doon University
041 ## - Language
Language English
082 ## - DDC NUMBER
Classification number 658.155
Book Number BOO
100 ## - MAIN ENTRY--PERSONAL NAME
Personal name Boothroyd, Kate
245 ## - TITLE STATEMENT
Title Fundamentals of Risk Management
Sub Title : Understanding Evaluating And Implementing Effective Enterprise Risk Management
260 ## - PUBLICATION, DISTRIBUTION, ETC. (IMPRINT)
Place of publication, distribution, etc United Kingdom
Name of publisher, distributor, etc Kogan Page
Date of publication, distribution, etc 2025
300 ## - PHYSICAL DESCRIPTION
Pages 443
650 ## - Subject
Subject Management
700 ## - Added Entry Personal Name
Added Entry Personal Name Thompson, Clive
942 ## - ADDED ENTRY ELEMENTS (KOHA)
Koha item type Books
100 ## - MAIN ENTRY--PERSONAL NAME
-- 26634
700 ## - Added Entry Personal Name
-- 26635
952 ## - LOCATION AND ITEM INFORMATION (KOHA)
-- 2026-04-16
952 ## - LOCATION AND ITEM INFORMATION (KOHA)
-- 2026-04-16
952 ## - LOCATION AND ITEM INFORMATION (KOHA)
-- 2026-04-16
952 ## - LOCATION AND ITEM INFORMATION (KOHA)
-- 2026-04-16
952 ## - LOCATION AND ITEM INFORMATION (KOHA)
-- 2026-04-16
Holdings
Withdrawn status Lost status Source of classification or shelving scheme Damaged status Not for loan Location (home branch) Sublocation or collection (holding branch) Date acquired Koha full call number Accession No. Koha date last seen Koha item type Koha issues (times borrowed)
        Not For Loan Doon University Doon University 16.04.2026 658.155 BOO 53818 16.04.2026 Reference  
          Doon University Doon University 16.04.2026 658.155 BOO 53819 16.04.2026 Books  
          Doon University Doon University 16.04.2026 658.155 BOO 53820 16.04.2026 Books  
          Doon University Doon University 16.04.2026 658.155 BOO 53821 16.04.2026 Books  
          Doon University Doon University 16.04.2026 658.155 BOO 53822 16.04.2026 Books  
Contact : +91-135-2533126 (Library),+91-135-2533105 (Admin Office) , Email : doonlibrary@gmail.com

Powered by Koha